Américains ou anglais ? - Statistiques

Statistiques générales
  • Ce quiz a été pris 44 fois
  • Le résultat moyen est 35 sur 60
Statistiques - réponses
Hint Réponse % Correct
Charlotte Rampling Anglaise
91%
Taylor Swift Américaine
86%
Ariana Grande Américaine
84%
Bruno Mars Américaine
81%
James Franco Américaine
81%
Ed Sheeran Anglaise
81%
Katy Perry Américaine
79%
Spencer Tracy Américaine
79%
Jamie Foxx Américaine
79%
Alicia Keys Américaine
77%
Pink Américaine
74%
J.K. Rowling Anglaise
74%
David Carradine Américaine
72%
Natalie Wood Américaine
72%
Donna Summer Américaine
72%
Johnny Cash Américaine
72%
Josh Brolin Américaine
70%
Bob Dylan Américaine
70%
Ralph Fiennes Anglaise
70%
Bill Murray Américaine
67%
Billie Eilish Américaine
67%
Hugh Laurie Anglaise
67%
Alec Guinness Anglaise
67%
Ed Harris Américaine
65%
Jeff Bridges Américaine
65%
Lana Del Rey Américaine
65%
Kristen Stewart Américaine
63%
Otis Redding Américaine
63%
Katharine hepburn Américaine
63%
Robbie Williams Anglaise
63%
Elijah Wood Américaine
60%
Andy Warhol Américaine
60%
Robert Pattinson Anglaise
60%
Paul Simon Américaine
58%
Jake Gyllenhaal Américaine
58%
Art Garfunkel Américaine
58%
Laurence Olivier Anglaise
58%
John Cleese Anglaise
56%
Dua Lupa Anglaise
53%
Jean Seberg Américaine
51%
Oliver Hardy Américaine
49%
Jacqueline Bisset Anglaise
49%
Eddie Redmayne Anglaise
47%
Jason Statham Anglaise
47%
Cara Delevingne Anglaise
44%
Ozzy Osbourne Anglaise
44%
Stan Laurel Anglaise
44%
Eric Clapton Anglaise
44%
Stephen Hawking Anglaise
42%
Kate Bush Anglaise
42%
Richard Burton Anglaise
42%
David Niven Anglaise
40%
Deborah Kerr Anglaise
40%
Ellie Goulding Anglaise
40%
Cliff Richard Anglaise
35%
Peter Sellers Anglaise
35%
Naomi Watts Anglaise
33%
Audrey Hepburn Anglaise
30%
Orlando Bloom Anglaise
28%
James Mason Anglaise
16%
Aucun quiz correspondant
Distribution des résultats
% des personnes avec chaque résultat
Percentile par nombre de réponses
Votre historique - résultats
Vous n’avez pas pris ce quiz